मानवाधिकार का मानवीय चेहरा / (Record no. 44672)

MARC details
000 -LEADER
fixed length control field 01224nam a22002777a 4500
005 - DATE AND TIME OF LATEST TRANSACTION
control field 20100906104624.0
008 - FIXED-LENGTH DATA ELEMENTS--GENERAL INFORMATION
fixed length control field 100906t xxu||||| |||| 00| 0 hin d
010 ## - LCCN (DPL NO)
LC control number HIN-90405
020 ## - INTERNATIONAL STANDARD BOOK NUMBER
International Standard Book Number 8188266833
Terms of availability 150.00
035 ## - SYSTEM CONTROL NUMBER
System control number HN-62751
037 ## - SOURCE OF ACQUISITION
Source of stock number/acquisition DBAD/PUN
040 ## - CATALOGING SOURCE
Original cataloging agency DPL
Language of cataloging HN
082 ## - DEWEY DECIMAL CLASSIFICATION NUMBER
Classification number 323.095137
100 ## - MAIN ENTRY--PERSONAL NAME
9 (RLIN) 18464
Personal name मिश्र, सुभाष
245 ## - TITLE STATEMENT
Title मानवाधिकार का मानवीय चेहरा /
Statement of responsibility, etc सुभाष मिश्र
246 ## - VARYING FORM OF TITLE
Title proper/short title Manavadhikar ka manveeya chehara
Remainder of title by Subhash Mishra
260 ## - PUBLICATION, DISTRIBUTION, ETC. (IMPRINT)
Place of publication, distribution, etc नई दिल्ली
Name of publisher, distributor, etc प्रतिभा प्रतिष्ठान
Date of publication, distribution, etc 2010
270 ## - ADDRESS
Address 1661 दखनीराय स्ट्रीट, नेताजी सुभाष मार्ग
City नई दिल्ली
Postal code 110002
300 ## - PHYSICAL DESCRIPTION
Extent 112पृ.
Dimensions 22सेमी (सजिल्द)
650 ## - SUBJECT ADDED ENTRY--TOPICAL TERM
9 (RLIN) 1169
650 ## - SUBJECT ADDED ENTRY--TOPICAL TERM
9 (RLIN) 18465
700 ## - ADDED ENTRY--PERSONAL NAME
9 (RLIN) 18865
700 ## - ADDED ENTRY--PERSONAL NAME
9 (RLIN) 18866
942 ## - ADDED ENTRY ELEMENTS (KOHA)
Source of classification or shelving scheme Dewey Decimal Classification
Item type Hindi Books
Classification part 323.095137
Call number suffix मिश्रसु
Holdings
Withdrawn status Lost status Source of classification or shelving scheme Damaged status Not for loan Collection code Home library Current library Date acquired Source of acquisition Cost, normal purchase price Total Checkouts Full call number Barcode Date last seen Copy number Cost, replacement price Koha item type
    Dewey Decimal Classification   Not For Loan Non-fiction D.B.Act.Division D.B.Act.Division 09/09/2010 DBAD / PUB 150.00   323.095137 मिश्रसु HN-62751 09/09/2010 1 150.00 Hindi Books

© Delhi Public Library
Hit Counter
free hit counter